000 00922cam a22002773a 4500
001 496
003 PGUSA
005 20140828082949.0
008 060116s2006||||xxu|||||s|||||000 1 eng d
040 _aPGUSA
_beng
042 _adc
050 4 _aPZ
100 1 _aCraik, Dinah Maria Mulock,
_d1826-1887
245 1 4 _aThe Little Lame Prince
_h[electronic resource] /
_cDinah Maria Mulock Craik
260 _bProject Gutenberg,
_c2006
505 0 _aThe little lame prince -- The invisible prince -- Prince Cherry -- The prince with the nose -- The frog-prince -- Clever Alice.
506 _aPublic domain in the USA.
516 _aElectronic text
653 _aPrinces -- Juvenile fiction
653 _aPeople with disabilities -- Juvenile fiction
653 _aFairy tales
653 _aChildren's literature
830 0 _aProject Gutenberg
_v496
856 4 0 _uhttp://www.gutenberg.org/ebooks/496
942 _cEB
999 _c229847
_d229847